Statistics for Top 100 NBA Points Per Game

Click here to take the quiz!

General Stats

  • This quiz has been taken 206 times
    (47 since last reset)
  • The average score is 51 of 100

Answer Stats

Player% Correct
Michael Jordan
100%
Kevin Durant
97%
LeBron James
97%
Wilt Chamberlain
95%
Larry Bird
92%
Stephen Curry
92%
James Harden
90%
Jeff Malone
90%
Kareem Abdul-Jabbar
90%
Karl Malone
90%
Moses Malone
90%
Jerry West
87%
Kobe Bryant
87%
Kyrie Irving
87%
Shaquille O'Neal
87%
Nikola Jokić
85%
Tim Duncan
85%
Dwyane Wade
82%
Julius Erving
82%
Klay Thompson
82%
Russell Westbrook
82%
Dirk Nowitzki
79%
Magic Johnson
79%
David Thompson
77%
Giannis Antetokounmpo
77%
Allen Iverson
74%
Carmelo Anthony
72%
Hakeem Olajuwon
72%
Isiah Thomas
72%
Marques Johnson
69%
David Robinson
67%
Glenn Robinson
67%
Joel Embiid
67%
Kawhi Leonard
67%
Oscar Robertson
67%
Paul George
67%
Damian Lillard
64%
Elgin Baylor
64%
Paul Pierce
64%
Tracy McGrady
64%
Clyde Drexler
62%
George Gervin
62%
Patrick Ewing
62%
Anthony Davis
59%
Chris Bosh
59%
Devin Booker
59%
Jayson Tatum
59%
Charles Barkley
56%
Walter Davis
56%
Bradley Beal
54%
Bob Pettit
51%
Dominique Wilkins
51%
George Mikan
51%
Alex English
49%
Blake Griffin
49%
Bob McAdoo
49%
Donovan Mitchell
49%
John Havlicek
49%
Mike Mitchell
49%
Pete Maravich
46%
Rick Barry
46%
Elvin Hayes
41%
Bernard King
38%
DeMar DeRozan
38%
Amar'e Stoudemire
36%
Karl-Anthony Towns
36%
Kemba Walker
36%
Yao Ming
36%
Adrian Dantley
33%
Chris Webber
33%
DeMarcus Cousins
33%
Gilbert Arenas
33%
Zach LaVine
33%
CJ McCollum
31%
LaMarcus Aldridge
31%
Hal Greer
28%
Mitch Richmond
26%
Brandon Ingram
23%
Andrew Wiggins
21%
Billy Cunningham
21%
Paul Arizin
21%
Dave Bing
18%
Walt Bellamy
18%
Brad Daugherty
13%
Mark Aguirre
13%
Bob Lanier
10%
Dan Issel
10%
Kiki Vandeweghe
10%
Kristaps Porzingis
10%
Michael Redd
10%
World B. Free
10%
Lou Hudson
8%
Stephon Marbury
8%
George Yardley
5%
Jamal Mashburn
5%
Neil Johnston
5%
Spence Haywood
5%
Geoff Petrie
3%
Jack Twyman
3%
John Drew
0%

Score Distribution

Percentile by Number Answered

Percent of People with Each Score

Your Score History

You have not taken this quiz since the last reset